| 000 | 00693nam a2200277Ia 4500 | ||
|---|---|---|---|
| 001 | Para_2247 | ||
| 003 | CHAP | ||
| 008 | 220125sc199 xx 000 0 und d | ||
| 010 | _a200830 | ||
| 040 | _cCHAP | ||
| 082 | _aPA 634.963 M3 | ||
| 100 |
_aManion, Paul D. _970481 |
||
| 245 |
_aTree diseases concepts / _c by Paul D. Manion |
||
| 250 | _a2nd. ed | ||
| 260 | _aNew Jersey | ||
| 300 | _a402 p. | ||
| 650 |
_aArboles _x enfermedades _982436 |
||
| 650 |
_aArboles _x plagas _982440 |
||
| 901 | _aPA 634.963 M3 | ||
| 902 | _aA | ||
| 905 | _a000000c1991 a 0000000000 00 | ||
| 910 | _ac199 | ||
| 942 | _cPARA | ||
| 942 |
_cPARA _d1 |
||
| 999 |
_c200830 _d200830 |
||